[Event "Orsha IM Group 2019"]
[Site "Orsha"]
[Date "2019.01.18"]
[Round "1.1"]
[White "Kononenko, Dmitry"]
[Black "Badelka, Olga"]
[Result "1/2-1/2"]
[WhiteElo "2222"]
[BlackElo "2387"]
[PlyCount "151"]
[EventDate "2019.01.18"]
[EventType "swiss"]
[EventRounds "9"]
[EventCountry "BLR"]

1. Nf3 Nf6 2. c4 e6 3. g3 b6 4. Bg2 Bb7 5. O-O Be7 6. Nc3 O-O 7. d4 Na6 8. d5
exd5 9. Nd4 Re8 10. Nf5 Bb4 11. Nxd5 Nxd5 12. cxd5 Qf6 13. Ne3 Bc5 14. a3 Bxe3
15. fxe3 Qe5 16. e4 Nc5 17. Bf4 Qxb2 18. Rb1 Qxa3 19. Qd4 d6 20. Ra1 Nb3 21.
Qd3 Qb4 22. Rfb1 Qd4+ 23. Qxd4 Nxd4 24. Rb2 a6 25. Rc1 Nb5 26. Rxb5 axb5 27.
Rxc7 b4 28. Rxb7 b3 29. Rxb6 Rab8 30. Rxb3 Rxb3 31. Bxd6 Re3 32. Kf2 R3xe4 33.
Bxe4 Rxe4 34. Bf4 f6 35. Kf3 Rd4 36. e4 Kf7 37. g4 Ra4 38. g5 Ra3+ 39. Kg4 Kg6
40. h4 Ra4 41. h5+ Kf7 42. gxf6 Kxf6 43. e5+ Kf7 44. Kf5 g6+ 45. hxg6+ hxg6+
46. Kg5 Rd4 47. d6 Rd1 48. e6+ Kxe6 49. Kxg6 Rg1+ 50. Bg5 Kxd6 51. Kf5 Kd5 52.
Bd8 Rf1+ 53. Kg4 Rf8 54. Bc7 Rf7 55. Bb8 Ke4 56. Kg3 Rg7+ 57. Kh2 Rb7 58. Bd6
Kf3 59. Kh1 Rb1+ 60. Kh2 Rb6 61. Bc7 Rc6 62. Bb8 Rc2+ 63. Kh1 Rc8 64. Ba7 Rc2
65. Bb8 Kf2 66. Ba7+ Kf1 67. Bb8 Rc8 68. Be5 Re8 69. Bd6 Re6 70. Bb8 Rb6 71.
Be5 Rb5 72. Bh2 Kf2 73. Bg1+ Kf3 74. Bh2 Rg5 75. Bg1 Rh5+ 76. Bh2 {
... 102 moves} 1/2-1/2

[Event "Orsha IM Group 2019"]
[Site "Orsha"]
[Date "2019.01.18"]
[Round "1.2"]
[White "Martynyuk, Elizaveta"]
[Black "Hoghmrtsyan, Artur"]
[Result "0-1"]
[WhiteElo "2120"]
[BlackElo "2303"]
[PlyCount "136"]
[EventDate "2019.01.18"]
[EventType "swiss"]
[EventRounds "9"]
[EventCountry "BLR"]

1. e4 e5 2. Nf3 Nc6 3. Bc4 Nf6 4. d3 Bc5 5. c3 d6 6. Bb3 a6 7. Nbd2 h6 8. Nf1
d5 9. exd5 Nxd5 10. Ng3 O-O 11. O-O Ba7 12. Re1 Be6 13. Qc2 Qd6 14. Nh4 f5 15.
d4 e4 16. Ng6 Rf7 17. Nh5 Ndb4 18. cxb4 Nxd4 19. Qc3 Bxb3 20. Nhf4 Be6 21. Be3
Nb5 22. Qc2 Bxe3 23. fxe3 Rf6 24. a4 Na7 25. Red1 Qxb4 26. Rd4 Qb3 27. Ne7+ Kh7
28. Qd2 Nc6 29. Nxc6 bxc6 30. Rb4 Rd8 31. Qe1 Qc2 32. Rc1 Qd2 33. Qxd2 Rxd2 34.
Rxc6 Rd6 35. Rxc7 Bd7 36. Rbb7 Rd1+ 37. Kf2 Rfd6 38. b4 g5 39. Ne2 Kg6 40. b5
axb5 41. axb5 R6d2 42. Rc4 Rb2 43. Rb6+ Kg7 44. Rc7 Rdd2 45. Kg3 Rd3 46. Kf2 f4
47. Re6 fxe3+ 48. Kg3 Kf7 49. Rxe4 Rxe2 50. Rb4 Rf2 51. b6 Rf4 52. Rxf4+ gxf4+
53. Kf3 Ke6 54. Rc4 Bb5 55. b7 e2+ 56. Kf2 Rd1 57. Re4+ Kd7 58. Rxe2 Kc7 59.
Re7+ Kb8 60. Kf3 Rf1+ 61. Kg4 Rf2 62. h4 Be2+ 63. Kf5 Bf1 64. Rf7 Bxg2 65. Kg4
Bxb7 66. Rxf4 h5+ 67. Kg3 Rxf4 68. Kxf4 Bc8 0-1

[Event "Orsha IM Group 2019"]
[Site "Orsha"]
[Date "2019.01.18"]
[Round "1.3"]
[White "Gogolev, Artem"]
[Black "Goltseva, Ekaterina"]
[Result "1/2-1/2"]
[WhiteElo "2397"]
[BlackElo "2141"]
[PlyCount "60"]
[EventDate "2019.01.18"]
[EventType "swiss"]
[EventRounds "9"]
[EventCountry "BLR"]

1. c4 Nf6 2. Nf3 e6 3. g3 d5 4. b3 c5 5. cxd5 Qxd5 6. Bg2 Be7 7. O-O O-O 8. Bb2
Qd8 9. Na3 Nc6 10. Nc4 Nd5 11. d4 cxd4 12. Nxd4 Nxd4 13. Qxd4 Bf6 14. Qd2 Bxb2
15. Nxb2 Qf6 16. Nc4 Rd8 17. Rfd1 Bd7 18. Bxd5 Bc6 19. Ne3 Bxd5 20. Nxd5 Rxd5
21. Qc2 Rxd1+ 22. Rxd1 Rd8 23. a4 g6 24. Rxd8+ Qxd8 25. e3 Qd5 26. Qc8+ Kg7 27.
Qc3+ Kg8 28. Qc8+ Kg7 29. Qc3+ Kg8 30. Qc8+ Kg7 1/2-1/2

[Event "Orsha IM Group 2019"]
[Site "Orsha"]
[Date "2019.01.18"]
[Round "1.4"]
[White "Alekseev, Vadim"]
[Black "Novitzkij, Dmitrij"]
[Result "1/2-1/2"]
[WhiteElo "2364"]
[BlackElo "2312"]
[PlyCount "60"]
[EventDate "2019.01.18"]
[EventType "swiss"]
[EventRounds "9"]
[EventCountry "BLR"]

1. d4 d5 2. c4 c6 3. cxd5 cxd5 4. Nc3 Nc6 5. Nf3 Nf6 6. Bf4 Bf5 7. e3 e6 8. Bd3
Bxd3 9. Qxd3 Bd6 10. Bg3 O-O 11. O-O Bxg3 12. hxg3 Qd6 13. Rfc1 Rfc8 14. Na4
Ne4 15. Nc5 Nxc5 16. Rxc5 Ne7 17. Rac1 b6 18. Rxc8+ Rxc8 19. Rxc8+ Nxc8 20. Qc3
Ne7 21. Kf1 Qc6 22. Qxc6 Nxc6 23. Ke2 Kf8 24. Kd2 Ke7 25. Kc3 f6 26. a3 a5 27.
b4 axb4+ 28. axb4 b5 29. Ne1 Kd6 30. Nd3 Ne7 1/2-1/2

[Event "Orsha IM Group 2019"]
[Site "Orsha"]
[Date "2019.01.18"]
[Round "1.5"]
[White "Tsaruk, Maksim"]
[Black "Yashmetov, Mikhail"]
[Result "1/2-1/2"]
[WhiteElo "2244"]
[BlackElo "2359"]
[PlyCount "119"]
[EventDate "2019.01.18"]
[EventType "swiss"]
[EventRounds "9"]
[EventCountry "BLR"]

1. e4 c6 2. d4 d5 3. Nc3 dxe4 4. Nxe4 Bf5 5. Ng3 Bg6 6. Nf3 Nd7 7. h4 h6 8. h5
Bh7 9. Bd3 Bxd3 10. Qxd3 e6 11. Bd2 Ngf6 12. O-O-O Be7 13. Kb1 Qb6 14. Rhe1 Rd8
15. Nh4 O-O 16. Ngf5 exf5 17. Rxe7 c5 18. Qxf5 Qd6 19. Re3 Qxd4 20. Nf3 Qg4 21.
Qxg4 Nxg4 22. Ra3 Nxf2 23. Rf1 Ne4 24. Rxa7 Ndf6 25. Ba5 Ra8 26. Rxa8 Rxa8 27.
Bd2 Nxh5 28. Be3 Rd8 29. a4 f5 30. Re1 g5 31. Ka2 Nhf6 32. Kb3 f4 33. Bc1 Kf7
34. Kc4 Ke6 35. c3 Kf5 36. a5 h5 37. b4 g4 38. Nh4+ Kg5 39. g3 Nd2+ 40. Bxd2
Rxd2 41. Re5+ Kh6 42. Nf5+ Kg6 43. gxf4 cxb4 44. cxb4 Rf2 45. Nh4+ Kf7 46. Rb5
Rxf4+ 47. Kb3 g3 48. Rxb7+ Ke6 49. a6 Rxh4 50. a7 g2 51. a8=Q g1=Q 52. Qc8+ Ke5
53. Rb5+ Kf4 54. Rf5+ Kg3 55. Qc3+ Kh2 56. Qc2+ Kh1 57. Rxf6 Rh3+ 58. Kc4 Rh4+
59. Kb5 Rxb4+ 60. Kxb4 1/2-1/2

[Event "Orsha IM Group 2019"]
[Site "Orsha"]
[Date "2019.01.18"]
[Round "2.1"]
[White "Badelka, Olga"]
[Black "Yashmetov, Mikhail"]
[Result "1-0"]
[WhiteElo "2387"]
[BlackElo "2359"]
[PlyCount "85"]
[EventDate "2019.01.18"]
[EventType "swiss"]
[EventRounds "9"]
[EventCountry "BLR"]

1. d4 Nf6 2. c4 g6 3. f3 e6 4. e4 c5 5. d5 d6 6. Ne2 exd5 7. cxd5 Bg7 8. Nec3
O-O 9. Be2 a6 10. a4 Nh5 11. O-O Bd4+ 12. Kh1 f5 13. g4 fxg4 14. fxg4 Rxf1+ 15.
Qxf1 Qh4 16. gxh5 Bh3 17. Qf4 Qe1+ 18. Bf1 Bf2 19. Nd2 Nd7 20. hxg6 Ne5 21. Nd1
Bd4 22. gxh7+ Kxh7 23. Ra3 Bg4 24. Nc4 Nxc4 25. Rg3 Ne5 26. Rxg4 Nxg4 27. Qf5+
Kh8 28. Qh5+ Kg8 29. Qxg4+ Kh8 30. Qh3+ Kg8 31. Qg3+ Qxg3 32. hxg3 b5 33. Bf4
Re8 34. axb5 axb5 35. Bxb5 Rxe4 36. Nc3 Re7 37. Bc6 Re1+ 38. Kg2 Rg1+ 39. Kh3
Rh1+ 40. Kg4 Rh2 41. Nb5 Rxb2 42. Nxd4 cxd4 43. Kf3 1-0

[Event "Orsha IM Group 2019"]
[Site "Orsha"]
[Date "2019.01.18"]
[Round "2.2"]
[White "Novitzkij, Dmitrij"]
[Black "Tsaruk, Maksim"]
[Result "1-0"]
[WhiteElo "2312"]
[BlackElo "2244"]
[PlyCount "115"]
[EventDate "2019.01.18"]
[EventType "swiss"]
[EventRounds "9"]
[EventCountry "BLR"]

1. d4 Nf6 2. Nf3 b6 3. g3 Bb7 4. Bg2 e6 5. O-O Be7 6. c4 O-O 7. Nc3 Na6 8. Ne5
Qc8 9. e4 d6 10. Nd3 c6 11. f4 Nc7 12. g4 b5 13. g5 Nd7 14. cxb5 cxb5 15. f5
exf5 16. exf5 Bxg2 17. Kxg2 Qb7+ 18. Qf3 Qxf3+ 19. Rxf3 f6 20. g6 hxg6 21. fxg6
f5 22. Bd2 a5 23. a3 Bf6 24. Be3 Rfe8 25. h4 Nf8 26. h5 Nfe6 27. Rxf5 Nxd4 28.
Bxd4 Bxd4 29. Nf4 b4 30. axb4 axb4 31. Rxa8 Rxa8 32. Ncd5 Nxd5 33. Nxd5 b3 34.
Rf3 Bxb2 35. Rxb3 Be5 36. Kf3 Kf8 37. Ke4 Kg8 38. Rb7 Rf8 39. Rd7 Ra8 40. Rf7
Rb8 41. Kf5 Ra8 42. Ke6 Bb2 43. h6 Kh8 44. Ne7 d5 45. Kxd5 Ra5+ 46. Kc4 Ra8 47.
h7 Ba3 48. Nc6 Bb2 49. Rd7 Bf6 50. Rb7 Rc8 51. Kd5 Re8 52. Rb8 Rxb8 53. Nxb8
Bd8 54. Nd7 Bc7 55. Nc5 Bd6 56. Ne4 Be7 57. Ke6 Bg5 58. Nd6 1-0

[Event "Orsha IM Group 2019"]
[Site "Orsha"]
[Date "2019.01.18"]
[Round "2.3"]
[White "Goltseva, Ekaterina"]
[Black "Alekseev, Vadim"]
[Result "1/2-1/2"]
[WhiteElo "2141"]
[BlackElo "2364"]
[PlyCount "124"]
[EventDate "2019.01.18"]
[EventType "swiss"]
[EventRounds "9"]
[EventCountry "BLR"]

1. d4 d6 2. c4 Nf6 3. Nc3 Nbd7 4. e4 e5 5. Nf3 Be7 6. Be2 c6 7. O-O Qc7 8. Qc2
Nf8 9. Rd1 Ng6 10. a3 O-O 11. b4 h6 12. h3 Bd7 13. Be3 Rfe8 14. dxe5 dxe5 15.
Na4 b6 16. Nc3 Rad8 17. Qb2 Be6 18. Rdc1 Nf4 19. Bf1 Nd7 20. a4 Qb8 21. Rcb1 a5
22. bxa5 bxa5 23. Qc1 Qc7 24. Kh1 Bb4 25. Na2 Bc5 26. Qc3 f6 27. Rd1 Bxe3 28.
Qxe3 Nb6 29. Qb3 Rb8 30. Qc2 Qf7 31. Rd6 Rec8 32. c5 Bb3 33. Qd2 Nxa4 34. Nc3
Nxc5 35. Rxa5 Nfe6 36. Ra1 Rd8 37. Rxd8+ Rxd8 38. Qb2 Nd4 39. Nd2 Kh7 40. Ra5
Qf8 41. Qa3 Nb7 42. Nxb3 Nxb3 43. Qxf8 Rxf8 44. Ra7 N3c5 45. f3 Rd8 46. Kg1 Rd2
47. Na2 Rb2 48. Nc3 h5 49. h4 Ne6 50. Nd1 Rb4 51. Ne3 Nd4 52. Bc4 Nd6 53. Bf7
Nxf7 54. Rxf7 Rb1+ 55. Kh2 Rc1 56. Rc7 Rc3 57. Nd5 Rc2 58. Nxf6+ Kg6 59. Ne8
Nxf3+ 60. Kg3 Nd2 61. Rxg7+ Kh6 62. Re7 Rc3+ 1/2-1/2

[Event "Orsha IM Group 2019"]
[Site "Orsha"]
[Date "2019.01.18"]
[Round "2.4"]
[White "Hoghmrtsyan, Artur"]
[Black "Gogolev, Artem"]
[Result "1/2-1/2"]
[WhiteElo "2303"]
[BlackElo "2397"]
[PlyCount "39"]
[EventDate "2019.01.18"]
[EventType "swiss"]
[EventRounds "9"]
[EventCountry "BLR"]

1. d4 Nf6 2. g3 g6 3. Bg2 Bg7 4. c4 O-O 5. Nc3 d6 6. Nf3 c5 7. d5 e5 8. O-O Ne8
9. Bg5 f6 10. Bd2 f5 11. Qc1 Qe7 12. e4 Nf6 13. exf5 Bxf5 14. Ng5 Bd3 15. Re1
Bxc4 16. Ne6 Rf7 17. Ng5 Rf8 18. Ne6 Rf7 19. Ng5 Rf8 20. Ne6 1/2-1/2

[Event "Orsha IM Group 2019"]
[Site "Orsha"]
[Date "2019.01.18"]
[Round "2.5"]
[White "Kononenko, Dmitry"]
[Black "Martynyuk, Elizaveta"]
[Result "1/2-1/2"]
[WhiteElo "2222"]
[BlackElo "2120"]
[PlyCount "155"]
[EventDate "2019.01.18"]
[EventType "swiss"]
[EventRounds "9"]
[EventCountry "BLR"]

1. Nf3 d5 2. c4 c6 3. b3 Nf6 4. Bb2 Bf5 5. g3 e6 6. Bg2 h6 7. O-O Be7 8. d3 O-O
9. Nbd2 a5 10. a3 Na6 11. Re1 Nc5 12. Bc3 Bh7 13. b4 axb4 14. axb4 Rxa1 15.
Qxa1 Na6 16. Qb2 dxc4 17. dxc4 Qb6 18. c5 Qd8 19. e4 b6 20. Nd4 bxc5 21. Nxc6
Qc7 22. b5 Nb4 23. Nxb4 cxb4 24. Bxb4 Bxb4 25. Qxb4 Nd7 26. Qe7 Rb8 27. Bf1 Bg6
28. Nc4 Rxb5 29. Rd1 Rb7 30. e5 Bh5 31. Qe8+ Kh7 32. Bd3+ Bg6 33. Bxg6+ Kxg6
34. Nd6 Nxe5 35. Qa4 Nf3+ 36. Kg2 Ng5 37. h4 Ra7 38. Qb5 Qc2 39. Qd3+ Qxd3 40.
Rxd3 Nh7 41. Ne4 f5 42. Nc5 Kf7 43. Rd6 Nf8 44. Rc6 e5 45. Nd3 Re7 46. f4 exf4
47. Nxf4 Nd7 48. Ng6 Re2+ 49. Kf1 Re6 50. Rc7 Rxg6 51. Rxd7+ Ke6 52. Rd3 f4 53.
gxf4 Kf5 54. Kf2 Rg4 55. Rd7 Kxf4 56. Ra7 h5 57. Rb7 g6 58. Rb5 Rxh4 59. Kg2
Rg4+ 60. Kh2 h4 61. Kh3 Rg3+ 62. Kxh4 g5+ 63. Kh5 Rh3+ 64. Kg6 g4 65. Rb4+ Kf3
66. Rb3+ Kg2 67. Rb2+ Kf1 68. Rb7 Kf2 69. Rb2+ Kg3 70. Rb3+ Kf2 71. Rb2+ Ke1
72. Rb7 Ke2 73. Rb2+ Kd3 74. Rb1 Kd4 75. Rb2 Kd3 76. Kg5 g3 77. Kg4 Rh8 78.
Kxg3 1/2-1/2

[Event "Orsha IM Group 2019"]
[Site "Orsha"]
[Date "2019.01.19"]
[Round "3.1"]
[White "Martynyuk, Elizaveta"]
[Black "Badelka, Olga"]
[Result "0-1"]
[WhiteElo "2120"]
[BlackElo "2387"]
[PlyCount "102"]
[EventDate "2019.01.18"]
[EventType "swiss"]
[EventRounds "9"]
[EventCountry "BLR"]

1. e4 c5 2. Nf3 Nc6 3. d4 cxd4 4. Nxd4 Qb6 5. Nb3 Nf6 6. Nc3 e6 7. Bd3 d6 8.
Be3 Qc7 9. f4 a6 10. Qf3 b5 11. g4 Bb7 12. g5 Nd7 13. Qh3 Nc5 14. Nxc5 dxc5 15.
O-O-O c4 16. Be2 Bb4 17. g6 fxg6 18. Qxe6+ Qe7 19. Qxe7+ Nxe7 20. Nd5 Nxd5 21.
exd5 O-O-O 22. Bg4+ Kc7 23. Be6 Rhe8 24. c3 Bd6 25. f5 gxf5 26. Bg5 Ra8 27.
Rhf1 g6 28. h4 Bc8 29. Rde1 Bxe6 30. dxe6 Be7 31. Bf4+ Kc6 32. Re2 Bxh4 33. Rh1
g5 34. Bh2 Rad8 35. Re5 Rd5 36. Re2 Rd3 37. Kc2 Rh3 38. Rd1 f4 39. e7 Rd3 40.
Rxd3 cxd3+ 41. Kxd3 Kd7 42. c4 bxc4+ 43. Kxc4 Rxe7 44. Rxe7+ Kxe7 45. Kd4 Bg3
46. Bg1 f3 47. Ke3 g4 48. b4 h5 49. a4 Kd7 50. Bf2 Bxf2+ 51. Kxf2 h4 0-1

[Event "Orsha IM Group 2019"]
[Site "Orsha"]
[Date "2019.01.19"]
[Round "3.2"]
[White "Gogolev, Artem"]
[Black "Kononenko, Dmitry"]
[Result "1/2-1/2"]
[WhiteElo "2397"]
[BlackElo "2222"]
[PlyCount "89"]
[EventDate "2019.01.18"]
[EventType "swiss"]
[EventRounds "9"]
[EventCountry "BLR"]

1. c4 c5 2. Nf3 Nf6 3. Nc3 g6 4. d4 cxd4 5. Nxd4 Bg7 6. e4 O-O 7. Be3 d6 8. Be2
Nc6 9. Qd2 Bd7 10. f3 a6 11. O-O Rb8 12. Nb3 Be6 13. Nd4 Bd7 14. Nc2 Ne5 15.
Nb4 Re8 16. a4 Rc8 17. b3 a5 18. Nbd5 Nxd5 19. exd5 Ra8 20. f4 Ng4 21. Bxg4
Bxg4 22. Rac1 Bf5 23. Nb5 Bd7 24. Nd4 e6 25. dxe6 fxe6 26. Rcd1 d5 27. Nf3 Bc6
28. c5 d4 29. Bxd4 Bxf3 30. Rxf3 Bxd4+ 31. Qxd4 Qxd4+ 32. Rxd4 Rac8 33. Rc3 Kf7
34. Rd6 Rc7 35. Kf2 e5 36. fxe5 Rxe5 37. Rb6 Rd7 38. h3 h5 39. h4 g5 40. hxg5
Rxg5 41. Rc2 h4 42. Rb5 Rg3 43. Rb6 Ke8 44. Re6+ Kd8 45. Re3 1/2-1/2

[Event "Orsha IM Group 2019"]
[Site "Orsha"]
[Date "2019.01.19"]
[Round "3.3"]
[White "Alekseev, Vadim"]
[Black "Hoghmrtsyan, Artur"]
[Result "1-0"]
[WhiteElo "2364"]
[BlackElo "2303"]
[PlyCount "79"]
[EventDate "2019.01.18"]
[EventType "swiss"]
[EventRounds "9"]
[EventCountry "BLR"]

1. Nf3 Nf6 2. b3 g6 3. Bb2 Bg7 4. c4 O-O 5. g3 c6 6. Bg2 d5 7. O-O Nbd7 8. Qc2
Re8 9. d4 b6 10. Nbd2 Bb7 11. e4 dxe4 12. Nxe4 Qc7 13. Nxf6+ Bxf6 14. Rad1 Rad8
15. Rfe1 e6 16. h4 Bg7 17. b4 c5 18. dxc5 Bxf3 19. Bxf3 bxc5 20. Bxg7 Kxg7 21.
Qc3+ Kg8 22. b5 Nb6 23. h5 Rxd1 24. Bxd1 Rd8 25. Qf6 Qd6 26. Be2 e5 27. Qf3 Qe6
28. Qb3 Rd4 29. hxg6 hxg6 30. a4 Qd6 31. a5 Nc8 32. Rb1 Rd2 33. Rd1 Rxd1+ 34.
Qxd1 Qc7 35. Qd2 Nd6 36. Qd5 Kh7 37. b6 axb6 38. a6 Ne8 39. Qb7 f5 40. Bd1 1-0

[Event "Orsha IM Group 2019"]
[Site "Orsha"]
[Date "2019.01.19"]
[Round "3.4"]
[White "Tsaruk, Maksim"]
[Black "Goltseva, Ekaterina"]
[Result "1-0"]
[WhiteElo "2244"]
[BlackElo "2141"]
[PlyCount "169"]
[EventDate "2019.01.18"]
[EventType "swiss"]
[EventRounds "9"]
[EventCountry "BLR"]

1. e4 e6 2. d4 d5 3. Nd2 c5 4. exd5 Qxd5 5. Ngf3 cxd4 6. Bc4 Qd6 7. O-O Nf6 8.
Nb3 Nc6 9. Nbxd4 Nxd4 10. Nxd4 a6 11. a4 Qc7 12. b3 Bd6 13. h3 O-O 14. Bb2 e5
15. Nf3 e4 16. Nd2 Bf5 17. Qe2 Rfe8 18. Rfe1 Bb4 19. c3 Bc5 20. Nf1 Rad8 21.
Rad1 Bg6 22. Rxd8 Rxd8 23. Bc1 Qe5 24. Be3 h6 25. Bxc5 Qxc5 26. Qe3 Qc6 27. a5
Qc7 28. Qg3 Qxg3 29. Nxg3 Rd2 30. Nf1 Ra2 31. b4 Rc2 32. Ne3 Rxc3 33. Rd1 Kh7
34. Kh2 Bf5 35. Bxf7 Bd7 36. Rd6 Bc6 37. Be6 Ne8 38. Bf5+ Kg8 39. Rd4 Nf6 40.
Bg6 Kf8 41. h4 h5 42. Rd8+ Ke7 43. Rb8 Kd6 44. Rd8+ Ke5 45. Rb8 Rb3 46. Bxh5
Rxb4 47. Kg3 Rb5 48. Be2 Rc5 49. Rc8 Kd4 50. Rc7 Ne8 51. Rf7 g6 52. Kf4 Rxa5
53. Bg4 Rc5 54. Bd7 b5 55. Bxe8 Bxe8 56. Ra7 b4 57. Rxa6 b3 58. Rd6+ Kc3 59. g4
Kb4 60. Rd1 Ka3 61. Kxe4 b2 62. Kd4 Rc1 63. Nc4+ Kb3 64. Nxb2 Rc8 65. Nd3 Rc4+
66. Ke3 Rxg4 67. Rb1+ Kc3 68. Rc1+ Kb3 69. Rh1 Bc6 70. f3 Rc4 71. Rb1+ Ka2 72.
Rc1 Rxc1 73. Nxc1+ Kb2 74. Ne2 Be8 75. Kf4 Kc2 76. Kg5 Kd2 77. Nf4 Bc6 78. Nxg6
Bxf3 79. Ne5 Bd1 80. Ng4 Kc3 81. h5 Kd4 82. h6 Bc2 83. Kf6 Bh7 84. Ne5 Kd5 85.
Kg7 1-0

[Event "Orsha IM Group 2019"]
[Site "Orsha"]
[Date "2019.01.19"]
[Round "3.5"]
[White "Yashmetov, Mikhail"]
[Black "Novitzkij, Dmitrij"]
[Result "0-1"]
[WhiteElo "2359"]
[BlackElo "2312"]
[PlyCount "80"]
[EventDate "2019.01.18"]
[EventType "swiss"]
[EventRounds "9"]
[EventCountry "BLR"]

1. Nf3 g6 2. g3 Bg7 3. d4 d5 4. Bg2 Nf6 5. O-O O-O 6. b3 Ne4 7. Bb2 c5 8. Qc1
cxd4 9. Bxd4 Bxd4 10. Nxd4 Qb6 11. c3 Nf6 12. Qe3 Re8 13. Nc2 Nc6 14. Qxb6 axb6
15. c4 dxc4 16. bxc4 Na5 17. Nd2 Rd8 18. Rfd1 Bg4 19. Kf1 Rd7 20. Ne3 Rad8 21.
Ke1 Be6 22. Rab1 Rd6 23. a3 Kg7 24. h3 h5 25. h4 Kf8 26. Rb2 Bxc4 27. Rc1 Be6
28. Rcb1 Rd4 29. Nf3 Ra4 30. Ng5 Bc8 31. Ra1 Rd6 32. Rb4 Bd7 33. Nf3 Rxb4 34.
axb4 Nc6 35. Nc4 Rd5 36. Nxb6 Rb5 37. Nc4 Be6 38. Na5 Rxb4 39. Nxb7 Rxb7 40.
Nd4 Ra7 0-1

[Event "Orsha IM Group 2019"]
[Site "Orsha"]
[Date "2019.01.20"]
[Round "4.1"]
[White "Badelka, Olga"]
[Black "Novitzkij, Dmitrij"]
[Result "1/2-1/2"]
[WhiteElo "2387"]
[BlackElo "2312"]
[PlyCount "105"]
[EventDate "2019.01.18"]
[EventType "swiss"]
[EventRounds "9"]
[EventCountry "BLR"]

1. d4 Nf6 2. c4 d6 3. Nf3 Nbd7 4. Nc3 e5 5. Bg5 Be7 6. e3 O-O 7. Be2 c6 8. Qc2
Ne8 9. Bxe7 Qxe7 10. g4 a6 11. O-O-O b5 12. dxe5 Nxe5 13. Nxe5 Qxe5 14. Qe4 Qc5
15. Qd4 Qxd4 16. Rxd4 Be6 17. f4 f5 18. g5 Rf7 19. Rhd1 Re7 20. Bf3 Rc8 21. c5
dxc5 22. Rd8 Rcc7 23. R1d6 Bd7 24. Nd1 Kf7 25. Rd2 Be6 26. Ra8 Ra7 27. Rxa7
Rxa7 28. Bxc6 Bxa2 29. b4 Bb3 30. bxc5 Ke7 31. Bxe8 Kxe8 32. Nc3 Rd7 33. Ne2
Rc7 34. Kb2 Bc4 35. Ng3 Rxc5 36. e4 fxe4 37. Nxe4 Rc6 38. f5 Ke7 39. h4 a5 40.
f6+ gxf6 41. Nxf6 h6 42. Rd7+ Ke6 43. Ra7 hxg5 44. hxg5 a4 45. Ne4 Kf5 46. Nc3
Kxg5 47. Rb7 Kf4 48. Nxb5 Bxb5 49. Rxb5 Ra6 50. Ka3 Ke4 51. Rb4+ Ke3 52. Rxa4
Rxa4+ 53. Kxa4 1/2-1/2

[Event "Orsha IM Group 2019"]
[Site "Orsha"]
[Date "2019.01.20"]
[Round "4.2"]
[White "Goltseva, Ekaterina"]
[Black "Yashmetov, Mikhail"]
[Result "0-1"]
[WhiteElo "2141"]
[BlackElo "2359"]
[PlyCount "96"]
[EventDate "2019.01.18"]
[EventType "swiss"]
[EventRounds "9"]
[EventCountry "BLR"]

1. d4 Nf6 2. c4 g6 3. Nc3 d5 4. cxd5 Nxd5 5. e4 Nxc3 6. bxc3 Bg7 7. Nf3 c5 8.
Rb1 O-O 9. Be2 cxd4 10. cxd4 Qa5+ 11. Bd2 Qxa2 12. O-O Bg4 13. Bg5 h6 14. Be3
Nc6 15. d5 Ne5 16. Re1 Nxf3+ 17. gxf3 Bh3 18. Bd3 e6 19. f4 exd5 20. Qf3 dxe4
21. Bxe4 Bf5 22. Bxf5 gxf5 23. Rxb7 a5 24. h3 Qc4 25. Rb6 Ra6 26. Rxa6 Qxa6 27.
Kh2 Rd8 28. Rg1 Rd6 29. Bc5 Rg6 30. Rg3 Kh7 31. Qd5 Rxg3 32. Kxg3 Qe6 33. Qd3
a4 34. f3 Bf6 35. Qc2 Qc8 36. Qc4 Qd7 37. Ba3 Qe8 38. Qd5 Qe1+ 39. Kg2 Qe6 40.
Qd3 Kg7 41. Qc2 Kg6 42. Qd3 Qa2+ 43. Kh1 Qb3 44. Qd6 Qxf3+ 45. Kh2 Qf2+ 46. Kh1
Qd4 47. Qf8 Bg7 48. Qe7 Qe4+ 0-1

[Event "Orsha IM Group 2019"]
[Site "Orsha"]
[Date "2019.01.20"]
[Round "4.3"]
[White "Hoghmrtsyan, Artur"]
[Black "Tsaruk, Maksim"]
[Result "1/2-1/2"]
[WhiteElo "2303"]
[BlackElo "2244"]
[PlyCount "64"]
[EventDate "2019.01.18"]
[EventType "swiss"]
[EventRounds "9"]
[EventCountry "BLR"]

1. d4 Nf6 2. g3 d5 3. Bg2 e6 4. c4 Bb4+ 5. Bd2 Be7 6. Nf3 O-O 7. O-O c6 8. Qc2
b6 9. Bf4 Bb7 10. Rd1 Nbd7 11. Nc3 dxc4 12. Nd2 Nd5 13. Nxc4 Nxf4 14. gxf4 Qc7
15. e3 Rfd8 16. Rab1 c5 17. d5 exd5 18. Nxd5 Bxd5 19. Bxd5 Rac8 20. Qb3 Rf8 21.
Rd2 Nf6 22. Rbd1 Nxd5 23. Rxd5 Qc6 24. Rd7 Qe6 25. Qd3 Qg4+ 26. Kf1 Bf6 27. Qd5
b5 28. Na5 Bxb2 29. Nc6 Qh3+ 30. Kg1 Bf6 31. Nxa7 Rb8 32. Nc6 Rbc8 1/2-1/2

[Event "Orsha IM Group 2019"]
[Site "Orsha"]
[Date "2019.01.20"]
[Round "4.4"]
[White "Kononenko, Dmitry"]
[Black "Alekseev, Vadim"]
[Result "1/2-1/2"]
[WhiteElo "2222"]
[BlackElo "2364"]
[PlyCount "60"]
[EventDate "2019.01.18"]
[EventType "swiss"]
[EventRounds "9"]
[EventCountry "BLR"]

1. Nf3 Nf6 2. c4 g6 3. g3 Bg7 4. Bg2 O-O 5. Nc3 d6 6. d3 e5 7. O-O Nc6 8. Rb1
a5 9. a3 h6 10. b4 axb4 11. axb4 Be6 12. Bd2 Qd7 13. b5 Ne7 14. Re1 Bh3 15. Bh1
Ng4 16. Ra1 Rxa1 17. Qxa1 f5 18. Qa7 b6 19. Qb7 Qc8 20. Qxc8 Rxc8 21. Ra1 e4
22. Ne1 Ne5 23. Ra7 g5 24. Bg2 Bxg2 25. Kxg2 Kf7 26. f3 exd3 27. exd3 Ke6 28.
Kf1 Bf6 29. Ke2 Bg7 30. Nc2 Kd7 1/2-1/2

[Event "Orsha IM Group 2019"]
[Site "Orsha"]
[Date "2019.01.20"]
[Round "4.5"]
[White "Martynyuk, Elizaveta"]
[Black "Gogolev, Artem"]
[Result "1/2-1/2"]
[WhiteElo "2120"]
[BlackElo "2397"]
[PlyCount "113"]
[EventDate "2019.01.18"]
[EventType "swiss"]
[EventRounds "9"]
[EventCountry "BLR"]

1. e4 c5 2. Nf3 Nf6 3. e5 Nd5 4. Nc3 e6 5. Nxd5 exd5 6. d4 Nc6 7. dxc5 Bxc5 8.
Qxd5 Qb6 9. Bc4 Bxf2+ 10. Kf1 O-O 11. Bf4 Bc5 12. Bb3 d6 13. exd6 Be6 14. Qd2
Qa6+ 15. Qe2 Qxe2+ 16. Kxe2 Rfe8 17. Kd2 Rad8 18. Rae1 Bxb3 19. Rxe8+ Rxe8 20.
axb3 Bxd6 21. Bxd6 Rd8 22. Re1 Rxd6+ 23. Kc3 f6 24. Re8+ Kf7 25. Rc8 Rd7 26. b4
a6 27. Rh8 h6 28. Ne1 Ne5 29. Nd3 Rc7+ 30. Kb3 Nxd3 31. cxd3 f5 32. Rd8 Ke7 33.
Rd5 Ke6 34. Ra5 g5 35. d4 f4 36. b5 axb5 37. Rxb5 g4 38. Re5+ Kf6 39. Re4 Kf5
40. Re5+ Kg6 41. Re6+ Kg5 42. Re5+ Kg6 43. Re6+ Kg7 44. Re4 Rf7 45. Kc4 h5 46.
Kd3 f3 47. gxf3 Rxf3+ 48. Re3 Rf2 49. d5 Rxb2 50. Re5 Kf6 51. Rxh5 g3 52. hxg3
Rb3+ 53. Kd4 Rxg3 54. Kc5 Ke7 55. Rh7+ Kd8 56. Rxb7 Rg6 57. Rf7 1/2-1/2

[Event "Orsha IM Group 2019"]
[Site "Orsha"]
[Date "2019.01.20"]
[Round "5.1"]
[White "Gogolev, Artem"]
[Black "Badelka, Olga"]
[Result "1/2-1/2"]
[WhiteElo "2397"]
[BlackElo "2387"]
[PlyCount "53"]
[EventDate "2019.01.18"]
[EventType "swiss"]
[EventRounds "9"]
[EventCountry "BLR"]

1. c4 Nf6 2. Nf3 e6 3. g3 b6 4. Bg2 Bb7 5. O-O Be7 6. Nc3 O-O 7. Re1 d5 8. cxd5
exd5 9. d4 Na6 10. Bf4 c5 11. dxc5 Nxc5 12. Rc1 Nfe4 13. Nd4 Bf6 14. b4 Bxd4
15. Qxd4 Ne6 16. Qe5 Nxc3 17. Rxc3 d4 18. Bxb7 dxc3 19. Bxa8 Nxf4 20. Qxc3
Nxe2+ 21. Rxe2 Qxa8 22. Re1 Rc8 23. Qd3 Rd8 24. Qc3 Rc8 25. Qd3 Rd8 26. Qc3 Rc8
27. Qd3 1/2-1/2

[Event "Orsha IM Group 2019"]
[Site "Orsha"]
[Date "2019.01.20"]
[Round "5.2"]
[White "Alekseev, Vadim"]
[Black "Martynyuk, Elizaveta"]
[Result "1/2-1/2"]
[WhiteElo "2364"]
[BlackElo "2120"]
[PlyCount "42"]
[EventDate "2019.01.18"]
[EventType "swiss"]
[EventRounds "9"]
[EventCountry "BLR"]

1. d4 d5 2. c4 c6 3. e3 Nf6 4. Nf3 e6 5. Nbd2 Nbd7 6. Bd3 Bd6 7. O-O e5 8. cxd5
cxd5 9. dxe5 Nxe5 10. Nxe5 Bxe5 11. Nf3 Bc7 12. Bd2 O-O 13. h3 Qd6 14. Bc3 Re8
15. Qa4 Bxh3 16. gxh3 Rxe3 17. fxe3 Qg3+ 18. Kh1 Qxh3+ 19. Kg1 Qg3+ 20. Kh1
Qh3+ 21. Kg1 Qg3+ 1/2-1/2